| 000 | 00607nas a2200205 a 4500 | ||
|---|---|---|---|
| 001 | 4962 | ||
| 003 | CDMR | ||
| 005 | 20130718124856.0 | ||
| 008 | 130130c1979||||sp |||||||||||||||||cat|d | ||
| 022 | _a0210-587X | ||
| 040 |
_aCDMR _bcat _cCPC LLEIDA |
||
| 245 | 0 | 2 |
_aL'Espill _cdirigida per Joan Fuster |
| 260 |
_aValència _bUniversitat de València _c1979- |
||
| 300 | _av. | ||
| 310 | _aTrimestral | ||
| 362 | _a1a època, núm. 1/2 (primavera/estiu 1979) - núm. 29 (oct. 1991) ; 2a època, núm. 1 (hivern 1999) - | ||
| 500 | _aCanvis d'editor | ||
| 700 | 1 |
_92962 _aFuster, Joan _edir. |
|
| 942 |
_cSER _2udc |
||
| 999 |
_c4962 _d4962 |
||